[Event "Yleinen SM 2025"]
[Site "?"]
[Date "2025.04.20"]
[Round "3.1"]
[White "Sipila, Vilka"]
[Black "Pitkanen, Artturi"]
[Result "1-0"]
[WhiteElo "2447"]
[BlackElo "2006"]
[PlyCount "79"]
[EventDate "2025.??.??"]

1. e4 c5 2. Nf3 Nc6 3. Bb5 g6 4. O-O Bg7 5. Re1 e5 6. Bxc6 dxc6 7. a4 Ne7 8. d3 O-O 9. a5 Bg4 10. h3 Bxf3 11. Qxf3 b6 12. Nc3 Qc7 13. Be3 h6 14. Qe2 Rae8 15. Na4 f5 16. f3 f4 17. Bf2 Rb8 18. Qd2 Rfd8 19. Qc3 Nc8 20. b4 cxb4 21. axb6 axb6 22. Qxb4 Kh7 23. Reb1 Bf8 24. Qb3 b5 25. Nc5 Bxc5 26. Bxc5 Qd7 27. Ra6 Rb7 28. Qc3 Re8 29. Rd1 Re6 30. d4 b4 31. Bxb4 exd4 32. Rxd4 Qg7 33. Rd8 Na7 34. Qxg7+ Kxg7 35. Bc3+ Kf7 36. Rh8 Ree7 37. Rh7+ Kg8 38. Rxh6 Kf7 39. h4 Rbc7 40. Be5 1-0

[Event "Yleinen SM 2025"]
[Site "?"]
[Date "2025.04.20"]
[Round "3.2"]
[White "Agopov, Mikael"]
[Black "Koykka, Pekka"]
[Result "0-1"]
[WhiteElo "2420"]
[BlackElo "2351"]
[PlyCount "80"]
[EventDate "2025.??.??"]

1. e4 c6 2. d4 d5 3. e5 Bf5 4. h4 h5 5. Bd3 Bxd3 6. Qxd3 Qa5+ 7. Nd2 e6 8. Ne2 Qa6 9. c4 Bb4 10. Nc3 Ne7 11. a3 Nf5 12. Rb1 Bxc3 13. bxc3 Nd7 14. Ke2 O-O-O 15. cxd5 Qxd3+ 16. Kxd3 cxd5 17. a4 Kb8 18. a5 Rc8 19. Ba3 Rc6 20. Nb3 Kc7 21. Nc5 Nxc5+ 22. Bxc5 Ra8 23. Rb2 b6 24. Bb4 Kd7 25. g3 b5 26. Rg1 a6 27. Bc5 Rh8 28. f3 Rcc8 29. Rh2 Rh6 30. Rh3 f6 31. Ba3 fxe5 32. dxe5 Rc4 33. Bc1 Rh8 34. Bd2 Ra4 35. Rhh1 Rxa5 36. g4 hxg4 37. fxg4 Nxh4 38. Rf1 Ke8 39. Rf4 Ng6 40. Rxh8+ Nxh8 0-1

[Event "Yleinen SM 2025"]
[Site "?"]
[Date "2025.04.20"]
[Round "3.3"]
[White "Keinanen, Toivo"]
[Black "Ronka, Erik"]
[Result "1-0"]
[WhiteElo "2531"]
[BlackElo "2295"]
[PlyCount "89"]
[EventDate "2025.??.??"]

1. Nf3 d5 2. g3 Nf6 3. Bg2 c6 4. O-O Bg4 5. h3 Bh5 6. d4 e6 7. c4 Be7 8. Nc3 Nbd7 9. cxd5 cxd5 10. Qb3 Nb6 11. Ne5 O-O 12. g4 Bg6 13. h4 h6 14. Nxg6 fxg6 15. Qc2 Qe8 16. Bh3 Nh7 17. g5 hxg5 18. Bxe6+ Kh8 19. hxg5 Bxg5 20. Bg4 Bxc1 21. Qxc1 Qf7 22. Qe3 Rae8 23. Qh3 Kg8 24. Rad1 Ng5 25. Qg2 Ne4 26. Rd3 Qf6 27. Bf3 Nxc3 28. bxc3 Qd6 29. Rb1 Rf5 30. e4 dxe4 31. Bxe4 Ra5 32. Bxg6 Re6 33. Rg3 Qe7 34. Qh3 Rxg6 35. Rxg6 Rxa2 36. Qe6+ Qxe6 37. Rxe6 Rc2 38. Re7 Rxc3 39. Rxb7 Ra3 40. Rb5 Ra4 41. Rg5 Rxd4 42. Rgxg7+ Kf8 43. Rbf7+ Ke8 44. Rxa7 Kf8 45. Rgb7 1-0

[Event "Yleinen SM 2025"]
[Site "?"]
[Date "2025.04.20"]
[Round "3.4"]
[White "Luukkonen, Tommi"]
[Black "Lahdelma, Henri"]
[Result "1-0"]
[WhiteElo "2237"]
[BlackElo "2297"]
[PlyCount "85"]
[EventDate "2025.??.??"]

1. e4 d5 2. exd5 Nf6 3. Nf3 Nxd5 4. d4 Bg4 5. h3 Bxf3 6. Qxf3 e6 7. a3 c6 8. c4 Nf6 9. Be3 Nbd7 10. Nc3 Bd6 11. g4 O-O 12. g5 Ne8 13. O-O-O Qe7 14. c5 Bc7 15. Bc4 Rc8 16. Qe4 Bd8 17. h4 Nc7 18. Bf4 Qe8 19. Bd6 Be7 20. Bxc7 Rxc7 21. f4 b6 22. f5 e5 23. f6 Bd8 24. Rhe1 bxc5 25. dxe5 Nb6 26. fxg7 Kxg7 27. Bd3 Rh8 28. e6 Qxe6 29. Qf4 Qc8 30. Qe5+ f6 31. gxf6+ Bxf6 32. Rg1+ Kf7 33. Qh5+ Kf8 34. Qxc5+ Re7 35. Rdf1 Nd7 36. Qd6 Ke8 37. Rxf6 Nxf6 38. Qxf6 Rf8 39. Qd6 Qd7 40. Qb8+ Qd8 41. Qg3 Qd4 42. Be4 Qc4 43. Bxc6+ 1-0

[Event "Yleinen SM 2025"]
[Site "?"]
[Date "2025.04.20"]
[Round "3.5"]
[White "Nyysti, Sampsa"]
[Black "Wartiovaara, Oliver"]
[Result "1-0"]
[WhiteElo "2308"]
[BlackElo "2359"]
[PlyCount "83"]
[EventDate "2025.??.??"]

1. e4 c5 2. Nf3 d6 3. Nc3 Nf6 4. Bb5+ Bd7 5. Qe2 Nc6 6. Bxc6 Bxc6 7. d4 cxd4 8. Nxd4 Qb6 9. Nxc6 bxc6 10. e5 dxe5 11. O-O g6 12. Qxe5 Bg7 13. b3 Nh5 14. Qe1 O-O 15. Bb2 e5 16. Rd1 Rad8 17. Na4 Qc7 18. Bc1 f5 19. Qe2 Kh8 20. Nc5 Qe7 21. Qc4 Rxd1 22. Rxd1 Rd8 23. Rxd8+ Qxd8 24. Qd3 Qe7 25. b4 Nf4 26. Bxf4 exf4 27. Kf1 Be5 28. f3 h5 29. Qc4 Qd6 30. Nd3 Bd4 31. Qf7 Be3 32. Ke2 Qd4 33. Qe8+ Kh7 34. Qxc6 Qa1 35. Qc7+ Kh6 36. Ne5 Qc1 37. Nf7+ Kg7 38. Ng5+ Kh6 39. Nf7+ Kg7 40. Nd8+ Kh6 41. Qc3 g5 42. Ne6 1-0

[Event "Yleinen SM 2025"]
[Site "?"]
[Date "2025.04.21"]
[Round "4.1"]
[White "Pitkanen, Artturi"]
[Black "Wartiovaara, Oliver"]
[Result "0-1"]
[WhiteElo "2006"]
[BlackElo "2359"]
[PlyCount "48"]
[EventDate "2025.??.??"]

1. e4 c5 2. c3 d5 3. exd5 Nf6 4. d4 Nxd5 5. Nf3 cxd4 6. cxd4 g6 7. Bc4 Bg7 8. O-O O-O 9. Nc3 Nxc3 10. bxc3 Qc7 11. Qb3 Nc6 12. Bd3 Na5 13. Qb4 Be6 14. Re1 Rac8 15. Bd2 Bf6 16. Ne5 b6 17. Ba6 Rcd8 18. Bh6 Bg7 19. Bf4 Nc6 20. Nxc6 Qxc6 21. Bg5 Rd5 22. Bxe7 Ra5 23. c4 Bxd4 24. Bxf8 Rg5 0-1

[Event "Yleinen SM 2025"]
[Site "?"]
[Date "2025.04.21"]
[Round "4.2"]
[White "Lahdelma, Henri"]
[Black "Nyysti, Sampsa"]
[Result "1-0"]
[WhiteElo "2297"]
[BlackElo "2308"]
[PlyCount "47"]
[EventDate "2025.??.??"]

1. d4 Nf6 2. c4 e6 3. Nc3 Bb4 4. Nf3 Bxc3+ 5. bxc3 d6 6. Qc2 Qe7 7. e4 e5 8. Bd3 Nc6 9. Rb1 O-O 10. O-O b6 11. Be3 h6 12. h3 Bd7 13. Nd2 g5 14. Qd1 Kh7 15. Kh2 Rg8 16. Qe2 g4 17. f3 g3+ 18. Kg1 Bxh3 19. gxh3 g2 20. Rf2 Nh5 21. Rxg2 Rxg2+ 22. Kxg2 exd4 23. cxd4 Nxd4 24. Qf2 1-0

[Event "Yleinen SM 2025"]
[Site "?"]
[Date "2025.04.21"]
[Round "4.3"]
[White "Ronka, Erik"]
[Black "Luukkonen, Tommi"]
[Result "1-0"]
[WhiteElo "2295"]
[BlackElo "2237"]
[PlyCount "149"]
[EventDate "2025.??.??"]

1. e4 e6 2. d4 d5 3. exd5 exd5 4. Nf3 Nc6 5. Bb5 Bd6 6. c4 dxc4 7. d5 a6 8. Ba4 b5 9. dxc6 bxa4 10. O-O Ne7 11. Nbd2 Be6 12. Qxa4 Bd5 13. Nxc4 O-O 14. Nxd6 Qxd6 15. Qf4 Qxc6 16. Be3 Ng6 17. Qg3 f5 18. Rfc1 Qe8 19. Bc5 Rf6 20. Bd4 f4 21. Qg5 Bxf3 22. Bxf6 gxf6 23. Qxf6 Bd5 24. Rxc7 Qf8 25. Qxf8+ Rxf8 26. Rc5 Bf7 27. b3 f3 28. gxf3 Rd8 29. Rac1 Rd4 30. Ra5 Nf4 31. Re1 Rd6 32. Rg5+ Bg6 33. Ra5 Bd3 34. Rg5+ Bg6 35. Ra5 Kf7 36. h4 Bd3 37. Kh2 Ne2 38. Rd1 Rd4 39. Rh5 Kg6 40. Rg5+ Kf6 41. Rg4 Rd5 42. Rd2 h6 43. b4 Kf5 44. Re4 Nf4 45. Re3 Bc4 46. Rxd5+ Nxd5 47. Ra3 Ke5 48. Ra5 Kd4 49. a3 Bb5 50. a4 Be2 51. b5 axb5 52. axb5 Bxf3 53. Kg3 Be2 54. Ra6 h5 55. Rh6 Bxb5 56. Rxh5 Be2 57. Rg5 Nf6 58. f3 Bd3 59. h5 Bh7 60. Ra5 Nd5 61. Ra7 Bd3 62. h6 Nf6 63. Kf4 Kd5 64. Re7 Kd6 65. Re1 Bc2 66. Rc1 Bh7 67. Kg5 Ke7 68. Rc7+ Nd7 69. f4 Kd6 70. Ra7 Nf8 71. Rf7 Ne6+ 72. Kg4 Bg8 73. h7 Bxh7 74. Rxh7 Nd4 75. Rh6+ 1-0

[Event "Yleinen SM 2025"]
[Site "?"]
[Date "2025.04.21"]
[Round "4.4"]
[White "Koykka, Pekka"]
[Black "Keinanen, Toivo"]
[Result "1/2-1/2"]
[WhiteElo "2351"]
[BlackElo "2531"]
[PlyCount "86"]
[EventDate "2025.??.??"]

1. c4 e6 2. Nf3 d5 3. e3 Nf6 4. Nc3 Bd6 5. b3 O-O 6. Bb2 c5 7. cxd5 exd5 8. d4 Nc6 9. Be2 cxd4 10. Nxd4 Re8 11. Nxc6 bxc6 12. O-O Qc7 13. g3 Bh3 14. Re1 Rad8 15. Rc1 Qd7 16. Qc2 h5 17. Nb1 Ng4 18. Bd3 c5 19. Bh7+ Kf8 20. Bf5 Qc7 21. Nc3 Qb7 22. e4 d4 23. Nd5 Qa6 24. f3 Ne5 25. Bxh3 Nxf3+ 26. Kf2 Nxe1 27. Rxe1 Kg8 28. Bf1 Qc8 29. Bb5 Qh3 30. Kf3 Re6 31. Bf1 Qg4+ 32. Kg2 Rde8 33. Bd3 f5 34. e5 Rxe5 35. Rxe5 Rxe5 36. Nf4 h4 37. Be2 Qg5 38. Qc4+ Kh7 39. Bc1 hxg3 40. hxg3 Re4 41. Kf2 Qh6 42. Bf3 Qh2+ 43. Bg2 Bxf4 1/2-1/2

[Event "Yleinen SM 2025"]
[Site "?"]
[Date "2025.04.21"]
[Round "4.5"]
[White "Sipila, Vilka"]
[Black "Agopov, Mikael"]
[Result "1-0"]
[WhiteElo "2447"]
[BlackElo "2420"]
[PlyCount "81"]
[EventDate "2025.??.??"]

1. d4 Nf6 2. c4 e6 3. Nc3 Bb4 4. Qb3 Nc6 5. Nf3 d5 6. e3 O-O 7. Bd2 dxc4 8. Bxc4 Bd6 9. Be2 e5 10. d5 Ne7 11. e4 Ng6 12. h4 Re8 13. g3 Bg4 14. Ng1 Bc5 15. h5 Nf8 16. h6 g6 17. Rh4 Bxe2 18. Ngxe2 N8d7 19. Na4 c6 20. Rc1 Be7 21. dxc6 bxc6 22. Rxc6 Rc8 23. Rxc8 Qxc8 24. Be3 Qa6 25. Nec3 Rb8 26. Qc2 Nf8 27. Qe2 Qa5 28. Kf1 Ne6 29. Kg2 Rb4 30. b3 Qd8 31. Bxa7 Qa8 32. Be3 Nd4 33. Qd3 Nf5 34. Rh1 Rxe4 35. Nxe4 Nxe4 36. Nb6 Qc6 37. Kh2 Nxh6 38. Bxh6 Nxf2 39. Nd5 Bd8 40. Qf3 Qc2 41. Ne7+ 1-0

[Event "Yleinen SM 2025"]
[Site "?"]
[Date "2025.04.22"]
[Round "5.1"]
[White "Agopov, Mikael"]
[Black "Pitkanen, Artturi"]
[Result "1-0"]
[WhiteElo "2420"]
[BlackElo "2006"]
[PlyCount "85"]
[EventDate "2025.??.??"]

1. e4 c5 2. Nf3 Nc6 3. d4 cxd4 4. Nxd4 e5 5. Nb5 Nf6 6. N1c3 d6 7. Bg5 a6 8. Na3 Be6 9. Nc4 Rb8 10. Bxf6 Qxf6 11. Ne3 Qd8 12. Bc4 g6 13. O-O Bh6 14. Ned5 b5 15. Bb3 Na5 16. Nb4 Bc8 17. Qd3 O-O 18. Rfd1 Re8 19. Qf3 Nxb3 20. axb3 Qg5 21. Ncd5 Kg7 22. h3 Bb7 23. Nxa6 Rbc8 24. Nac7 Rf8 25. c3 b4 26. Ra7 Bxd5 27. Nxd5 bxc3 28. bxc3 Ra8 29. Rda1 Rxa7 30. Rxa7 Qc1+ 31. Kh2 Bg5 32. b4 h5 33. b5 h4 34. b6 Bf4+ 35. g3 hxg3+ 36. fxg3 Bg5 37. h4 Bd8 38. Kh3 Qg1 39. Ra8 Bxb6 40. Qf6+ Kh7 41. Rxf8 Qh1+ 42. Kg4 Qxe4+ 43. Nf4 1-0

[Event "Yleinen SM 2025"]
[Site "?"]
[Date "2025.04.22"]
[Round "5.2"]
[White "Keinanen, Toivo"]
[Black "Sipila, Vilka"]
[Result "1/2-1/2"]
[WhiteElo "2531"]
[BlackElo "2447"]
[PlyCount "43"]
[EventDate "2025.??.??"]

1. Nf3 d5 2. g3 Nd7 3. d4 Nb6 4. Nbd2 Bf5 5. Nh4 e6 6. Nxf5 exf5 7. Bg2 c6 8. O-O Nf6 9. c3 Be7 10. Qc2 g6 11. c4 dxc4 12. Nxc4 O-O 13. Rd1 a5 14. b3 a4 15. Nxb6 Qxb6 16. bxa4 Rfd8 17. Rb1 Qa7 18. Bg5 Rd7 19. Bxf6 Bxf6 20. d5 Qxa4 21. Qxa4 Rxa4 22. dxc6 1/2-1/2

[Event "Yleinen SM 2025"]
[Site "?"]
[Date "2025.04.22"]
[Round "5.3"]
[White "Luukkonen, Tommi"]
[Black "Koykka, Pekka"]
[Result "0-1"]
[WhiteElo "2237"]
[BlackElo "2351"]
[PlyCount "92"]
[EventDate "2025.??.??"]

1. d4 d6 2. e4 Nf6 3. Nc3 e5 4. Nge2 c6 5. h3 b5 6. a3 h5 7. g3 Be7 8. Bg2 a6 9. O-O Nbd7 10. f4 Bb7 11. Be3 Qc7 12. Rf2 Rd8 13. Kh2 h4 14. g4 exf4 15. Rxf4 d5 16. e5 Nh7 17. Qd3 O-O 18. Rf5 g6 19. Rf2 Nxe5 20. dxe5 d4 21. Nxd4 c5 22. Rxf7 Kxf7 23. Rf1+ Bf6 24. Bxb7 Qxe5+ 25. Bf4 Qxd4 26. Qxd4 cxd4 27. Ne4 Kg8 28. Kg2 d3 29. cxd3 a5 30. Bd6 Bxb2 31. Bd5+ Kh8 32. Rb1 Rxd6 33. Nxd6 Bxa3 34. Nxb5 Bc5 35. d4 Bb4 36. Be4 Kg7 37. d5 Ng5 38. Bc2 Rc8 39. Ba4 Re8 40. Rd1 Re2+ 41. Kf1 Rh2 42. Rd3 Nxh3 43. Rf3 Ng5 44. Rf2 Rh1+ 45. Ke2 Ne4 46. Rf3 Re1+ 0-1

[Event "Yleinen SM 2025"]
[Site "?"]
[Date "2025.04.22"]
[Round "5.4"]
[White "Nyysti, Sampsa"]
[Black "Ronka, Erik"]
[Result "1/2-1/2"]
[WhiteElo "2308"]
[BlackElo "2295"]
[PlyCount "45"]
[EventDate "2025.??.??"]

1. Nf3 d5 2. b3 c5 3. e3 Nf6 4. Bb2 g6 5. c4 dxc4 6. bxc4 Bg7 7. Be2 O-O 8. O-O Nc6 9. Ne5 Nxe5 10. Bxe5 Ne8 11. Bxg7 Kxg7 12. Nc3 b6 13. Bf3 Rb8 14. Qa4 Bb7 15. Qxa7 Bxf3 16. gxf3 Nd6 17. Qa4 Qc8 18. Kg2 Nf5 19. Qc2 Nh4+ 20. Kg3 Nf5+ 21. Kg2 Nh4+ 22. Kg3 Nf5+ 23. Kg2 1/2-1/2

[Event "Yleinen SM 2025"]
[Site "?"]
[Date "2025.04.22"]
[Round "5.5"]
[White "Wartiovaara, Oliver"]
[Black "Lahdelma, Henri"]
[Result "1-0"]
[WhiteElo "2359"]
[BlackElo "2297"]
[PlyCount "71"]
[EventDate "2025.??.??"]

1. e4 c6 2. d4 d5 3. e5 Bf5 4. h4 h5 5. Bd3 Bxd3 6. Qxd3 Qa5+ 7. b4 Qxb4+ 8. Nd2 Qb5 9. c4 dxc4 10. Nxc4 e6 11. Rb1 Qa6 12. a4 Nd7 13. a5 b5 14. axb6 axb6 15. Nf3 b5 16. Nd6+ Bxd6 17. exd6 Ngf6 18. Ne5 Nxe5 19. dxe5 Nd7 20. Qg3 Qa2 21. Rb3 Qa1 22. O-O Qxe5 23. f4 Qd4+ 24. Be3 Qf6 25. f5 Ra1 26. Bc1 Qd4+ 27. Kh2 Qg4 28. fxe6 fxe6 29. Qc3 Ra6 30. Bg5 e5 31. Rxb5 Qe6 32. Be7 c5 33. Ra5 Rxd6 34. Bxd6 Qxd6 35. Ra8+ Nb8 36. Qb3 1-0

[Event "Yleinen SM 2025"]
[Site "?"]
[Date "2025.04.23"]
[Round "6.1"]
[White "Pitkanen, Artturi"]
[Black "Lahdelma, Henri"]
[Result "0-1"]
[WhiteElo "2006"]
[BlackElo "2297"]
[PlyCount "58"]
[EventDate "2025.??.??"]

1. e4 g6 2. d4 d6 3. Bc4 a6 4. Nf3 b5 5. Bxf7+ Kxf7 6. Ng5+ Kg7 7. Qf3 Qe8 8. e5 c6 9. e6 h6 10. Nf7 Bxe6 11. Nxh8 Kxh8 12. Nc3 Qf7 13. Qg3 Bf5 14. O-O Bg7 15. Be3 Bxc2 16. f4 Nf6 17. Qh4 b4 18. Ne2 Nd5 19. Bd2 Qf6 20. Qh3 Qf5 21. g4 Qd3 22. Ng3 Qxd2 23. g5 Qe3+ 24. Rf2 Bf5 25. Qh4 Nd7 26. Kg2 Be4+ 27. Kg1 Rf8 28. gxh6 Bxd4 29. h3 Qxf2# 0-1

[Event "Yleinen SM 2025"]
[Site "?"]
[Date "2025.04.23"]
[Round "6.3"]
[White "Koykka, Pekka"]
[Black "Nyysti, Sampsa"]
[Result "1/2-1/2"]
[WhiteElo "2351"]
[BlackElo "2308"]
[PlyCount "99"]
[EventDate "2025.??.??"]

1. Nf3 d5 2. g3 Bg4 3. Bg2 Nd7 4. h3 Bxf3 5. exf3 e6 6. f4 c6 7. O-O g6 8. d3 Ne7 9. a4 a5 10. Nd2 Bg7 11. Nf3 O-O 12. Re1 Qb8 13. d4 b5 14. Ne5 Nxe5 15. fxe5 c5 16. dxc5 Nc6 17. Bf4 Rd8 18. Qe2 bxa4 19. c3 Qa7 20. h4 Qxc5 21. Rxa4 Rab8 22. Bf1 Qb6 23. Ra2 Qb3 24. Rea1 h6 25. Qe3 Kh7 26. Bd3 d4 27. cxd4 Rxd4 28. Ra3 Qb4 29. h5 Ne7 30. hxg6+ fxg6 31. Ra4 Qxa4 32. Rxa4 Rxa4 33. Qa7 Rd8 34. Qxe7 Rxd3 35. Qxe6 Rb4 36. Qe7 g5 37. Be3 Re4 38. e6 Rd5 39. Bc5 Rde5 40. Qc7 Rxe6 41. Bf8 Re1+ 42. Kg2 Rg6 43. Qxa5 Re2 44. Bxg7 Kxg7 45. Qc7+ Kf8 46. Qc5+ Kf7 47. Qd5+ Ree6 48. b4 Rgf6 49. b5 Kg6 50. Qd3+ 1/2-1/2

[Event "Yleinen SM 2025"]
[Site "?"]
[Date "2025.04.23"]
[Round "6.4"]
[White "Sipila, Vilka"]
[Black "Luukkonen, Tommi"]
[Result "1-0"]
[WhiteElo "2447"]
[BlackElo "2237"]
[PlyCount "53"]
[EventDate "2025.??.??"]

1. d4 Nf6 2. c4 e6 3. Bg5 h6 4. Bh4 c5 5. d5 exd5 6. cxd5 b5 7. a4 Bb7 8. axb5 g5 9. Bg3 Nxd5 10. e4 Qe7 11. Nd2 f5 12. Be2 Nf4 13. Bxf4 gxf4 14. Nh3 fxe4 15. Nxf4 e3 16. O-O exd2 17. Bf3 Bxf3 18. Qxf3 Qd6 19. Nh5 Qe5 20. Nf6+ Kd8 21. Qxa8 Bd6 22. Ng4 Qd4 23. Ne3 Rf8 24. Rad1 Bf4 25. Qxa7 Ke7 26. Qa3 d5 27. Qc3 1-0

[Event "Yleinen SM 2025"]
[Site "?"]
[Date "2025.04.23"]
[Round "6.5"]
[White "Agopov, Mikael"]
[Black "Keinanen, Toivo"]
[Result "1/2-1/2"]
[WhiteElo "2420"]
[BlackElo "2531"]
[PlyCount "114"]
[EventDate "2025.??.??"]

1. e4 c5 2. Nf3 g6 3. d4 cxd4 4. Nxd4 Bg7 5. c4 Qb6 6. Nb3 Qc7 7. Na3 Nc6 8. Nb5 Qb8 9. Be2 Nf6 10. Nc3 d6 11. Be3 O-O 12. O-O b6 13. Rc1 Bb7 14. f3 Rd8 15. Qe1 Rd7 16. Qh4 Qf8 17. Nd5 Ne8 18. f4 e6 19. Nc3 f5 20. Bf3 Qe7 21. Qe1 Nf6 22. exf5 gxf5 23. Qe2 Re8 24. Rfe1 Qf7 25. Bf2 e5 26. Nd5 e4 27. Bh4 Red8 28. Nxf6+ Bxf6 29. Bh5 Qg7 30. Bxf6 Qxf6 31. Qf2 Nb4 32. Be2 Nxa2 33. Rcd1 Nb4 34. Qd4 Kg7 35. Rd2 Qxd4+ 36. Nxd4 Kf6 37. Nc2 Nxc2 38. Rxc2 Rc7 39. Rec1 Rdc8 40. Kf2 d5 41. Ke3 dxc4 42. Rxc4 Rxc4 43. Rxc4 Rxc4 44. Bxc4 h5 45. Be2 Kg6 46. Bb5 h4 47. g3 hxg3 48. hxg3 Kf6 49. Kd4 Bc8 50. b4 a5 51. bxa5 bxa5 52. Bc6 Be6 53. Bxe4 fxe4 54. Kxe4 a4 55. Kd3 a3 56. Kc2 Kf5 57. Kb1 a2+ 1/2-1/2

[Event "Yleinen SM 2025"]
[Site "?"]
[Date "2025.04.24"]
[Round "7.1"]
[White "Keinanen, Toivo"]
[Black "Pitkanen, Artturi"]
[Result "1-0"]
[WhiteElo "2531"]
[BlackElo "2006"]
[PlyCount "57"]
[EventDate "2025.??.??"]

1. c4 Nf6 2. Nf3 e6 3. g3 d5 4. Bg2 c6 5. d4 Nbd7 6. O-O b6 7. Qc2 Ba6 8. Nbd2 Be7 9. b3 O-O 10. e4 Nxe4 11. Nxe4 dxe4 12. Qxe4 Bb7 13. Rd1 Bf6 14. h4 h6 15. Rb1 Qc8 16. Qg4 e5 17. Bxh6 exd4 18. Nxd4 Ne5 19. Qxc8 Bxc8 20. Nxc6 gxh6 21. Nxe5 Bxe5 22. Bxa8 Bf5 23. Bd5 b5 24. Rbc1 Bb2 25. cxb5 Bxc1 26. Rxc1 Rd8 27. Rc5 Kf8 28. f3 Bb1 29. a4 1-0

[Event "Yleinen SM 2025"]
[Site "?"]
[Date "2025.04.24"]
[Round "7.2"]
[White "Luukkonen, Tommi"]
[Black "Agopov, Mikael"]
[Result "1-0"]
[WhiteElo "2237"]
[BlackElo "2420"]
[PlyCount "75"]
[EventDate "2025.??.??"]

1. e4 c5 2. c3 Nf6 3. e5 Nd5 4. Nf3 Nc6 5. Bc4 Nb6 6. Bb3 c4 7. Bc2 d5 8. exd6 Qxd6 9. O-O e5 10. b3 Bg4 11. bxc4 Nxc4 12. Bb3 Qd3 13. Bc2 Qd5 14. Qe2 Bxf3 15. gxf3 Be7 16. Bb3 N6a5 17. Ba4+ b5 18. Bc2 Nd6 19. a4 a6 20. axb5 axb5 21. d4 exd4 22. Re1 O-O 23. Qd3 g6 24. Rxe7 Rae8 25. Re4 Nc6 26. Nd2 Nxe4 27. Nxe4 Kg7 28. cxd4 f5 29. Nc5 Re1+ 30. Kg2 Rfe8 31. Bb3 Qd8 32. f4 Nb4 33. Ra7+ R8e7 34. Qd2 Rxa7 35. Qxe1 Qa8+ 36. Kg3 Nc6 37. Ne6+ Kh6 38. Qf1 1-0

[Event "Yleinen SM 2025"]
[Site "?"]
[Date "2025.04.24"]
[Round "7.3"]
[White "Nyysti, Sampsa"]
[Black "Sipila, Vilka"]
[Result "1/2-1/2"]
[WhiteElo "2308"]
[BlackElo "2447"]
[PlyCount "118"]
[EventDate "2025.??.??"]

1. e4 e5 2. Nf3 Nc6 3. Nc3 Nf6 4. Bb5 Bb4 5. O-O O-O 6. d3 d6 7. Bxc6 bxc6 8. Ne2 Bc5 9. Ng3 Re8 10. h3 h6 11. Re1 Bb6 12. a4 a5 13. Be3 Bxe3 14. Rxe3 c5 15. b3 Nh7 16. Nd2 Ng5 17. Nc4 c6 18. Qh5 Ne6 19. Rf1 Nf4 20. Qd1 Re6 21. Ne2 h5 22. Kh2 Rg6 23. Rg3 Rh6 24. Qd2 h4 25. Rf3 Ne6 26. Re3 f6 27. Ng1 d5 28. Nb2 Nf4 29. Ree1 Qd7 30. f3 Rg6 31. Rf2 Rg3 32. Nd1 d4 33. Nb2 Qf7 34. Ne2 Nxe2 35. Qxe2 Be6 36. Qf1 Qg6 37. f4 exf4 38. Rxf4 Qg5 39. Re2 Re8 40. Ref2 Kh7 41. Kh1 Rh8 42. Nc4 Bxc4 43. bxc4 Rb8 44. Rf5 Qe3 45. Kh2 Rg6 46. R2f3 Qh6 47. R3f4 Rb2 48. Qf2 Rg3 49. Rf3 Rg5 50. R5f4 Rh5 51. Qd2 Ra2 52. Qxa5 Rxc2 53. Qe1 Rg5 54. Rf2 Rg3 55. Qd1 Rc3 56. R2f3 Rg5 57. Qe1 Rc2 58. Rf2 Rg3 59. Qd1 Rc3 1/2-1/2

[Event "Yleinen SM 2025"]
[Site "?"]
[Date "2025.04.24"]
[Round "7.4"]
[White "Wartiovaara, Oliver"]
[Black "Koykka, Pekka"]
[Result "1-0"]
[WhiteElo "2359"]
[BlackElo "2351"]
[PlyCount "49"]
[EventDate "2025.??.??"]

1. d4 d5 2. c4 e6 3. Nf3 c6 4. e3 f5 5. Bd3 Nf6 6. O-O Bd6 7. b3 O-O 8. Ba3 Bxa3 9. Nxa3 Qe7 10. Nc2 Nbd7 11. Ne5 Nxe5 12. dxe5 Nd7 13. f4 dxc4 14. Bxc4 b5 15. Be2 Bb7 16. Nd4 Rfc8 17. a4 a6 18. Bf3 Nf8 19. b4 Qxb4 20. Qb3 Qxb3 21. Nxb3 Rc7 22. Nc5 Rb8 23. Rfd1 Bc8 24. Rd8 bxa4 25. Nxe6 1-0

[Event "Yleinen SM 2025"]
[Site "?"]
[Date "2025.04.24"]
[Round "7.5"]
[White "Lahdelma, Henri"]
[Black "Ronka, Erik"]
[Result "1/2-1/2"]
[WhiteElo "2297"]
[BlackElo "2295"]
[PlyCount "110"]
[EventDate "2025.??.??"]

1. c4 c6 2. Nc3 d5 3. e3 Nf6 4. Nf3 Nbd7 5. d4 e6 6. Qc2 Bd6 7. b3 O-O 8. Be2 b6 9. O-O Bb7 10. Rd1 Qe7 11. Bb2 Rfd8 12. Rac1 Rac8 13. Qb1 a6 14. Bd3 c5 15. cxd5 exd5 16. Bf5 c4 17. bxc4 dxc4 18. e4 Bf4 19. e5 Nd5 20. Nxd5 Bxd5 21. Rc3 g6 22. Ba3 Qe8 23. Be4 Qe6 24. Bxd5 Qxd5 25. Be7 Re8 26. Bg5 Bxg5 27. Nxg5 f6 28. Ne4 Rf8 29. Re3 Rce8 30. Nc3 Qf7 31. Rf3 Qe6 32. exf6 Nxf6 33. d5 Qd6 34. h3 b5 35. a3 Nd7 36. Ne4 Qe5 37. Re3 Qf5 38. d6 Nc5 39. f3 Qf4 40. Ree1 Nxe4 41. fxe4 Re5 42. d7 Rd8 43. Qb4 Rxe4 44. Rxe4 Qxe4 45. Kh1 Qe6 46. Qc5 Kg7 47. Rd6 Qf5 48. Qd4+ Kf7 49. Rd5 Qf6 50. Re5 c3 51. Qd5+ Kg7 52. Qd4 Kf7 53. Qd5+ Kg7 54. Qd4 Kf7 55. Qd5+ Kg7 1/2-1/2

[Event "Yleinen SM 2025"]
[Site "?"]
[Date "2025.04.25"]
[Round "8.1"]
[White "Pitkanen, Artturi"]
[Black "Ronka, Erik"]
[Result "0-1"]
[WhiteElo "2006"]
[BlackElo "2295"]
[PlyCount "108"]
[EventDate "2025.??.??"]

1. e4 e5 2. Nc3 Nf6 3. Bc4 Bc5 4. d3 O-O 5. Bg5 h6 6. Bh4 c6 7. Nge2 d6 8. O-O Nbd7 9. Kh1 a5 10. a4 g5 11. Bg3 Nh5 12. d4 Bb6 13. dxe5 dxe5 14. Qd6 Qf6 15. Rad1 Nf4 16. Bxf4 gxf4 17. g3 Qxd6 18. Rxd6 Bc5 19. Rd2 Nb6 20. Bb3 Bh3 21. Rb1 Kh7 22. Ng1 Bg4 23. h3 Be6 24. g4 Kg7 25. Kg2 Kf6 26. Nf3 Bb4 27. Nh4 Rfd8 28. Rbd1 Rxd2 29. Rxd2 h5 30. f3 Rh8 31. Nf5 Bxf5 32. exf5 Bxc3 33. bxc3 hxg4 34. hxg4 Ke7 35. Rd1 Rh7 36. c4 Nd7 37. c3 Rh8 38. Bc2 Nc5 39. Re1 Kf6 40. Rd1 Rb8 41. Kf2 Rh8 42. Rg1 Kg5 43. Kg2 Rd8 44. Rd1 Rxd1 45. Bxd1 e4 46. fxe4 Nxe4 47. Kf3 Nd2+ 48. Kf2 Nxc4 49. Kf3 Nd2+ 50. Kg2 Ne4 51. c4 Nf6 52. Kh3 Nd7 53. Bb3 Ne5 54. c5 f6 0-1

[Event "Yleinen SM 2025"]
[Site "?"]
[Date "2025.04.25"]
[Round "8.2"]
[White "Koykka, Pekka"]
[Black "Lahdelma, Henri"]
[Result "1-0"]
[WhiteElo "2351"]
[BlackElo "2297"]
[PlyCount "63"]
[EventDate "2025.??.??"]

1. e4 e6 2. d4 d5 3. Nc3 Nf6 4. e5 Nfd7 5. f4 c5 6. Nf3 Nc6 7. Be3 Be7 8. Qd2 b6 9. Bb5 Bb7 10. O-O O-O 11. Nd1 cxd4 12. Nxd4 Nxd4 13. Bxd4 Nc5 14. c3 Ne4 15. Qe2 f5 16. exf6 Bxf6 17. Ne3 Qd6 18. g3 g5 19. Bxf6 Rxf6 20. fxg5 Rxf1+ 21. Rxf1 Qc5 22. Bd3 Nxg5 23. h4 Ne4 24. Bxe4 dxe4 25. Qg4+ Kh8 26. Qf4 Qe7 27. Qe5+ Qg7 28. Rf6 Re8 29. h5 Kg8 30. h6 Qe7 31. Rf4 Qc5 32. Qg7# 1-0

[Event "Yleinen SM 2025"]
[Site "?"]
[Date "2025.04.25"]
[Round "8.3"]
[White "Sipila, Vilka"]
[Black "Wartiovaara, Oliver"]
[Result "1/2-1/2"]
[WhiteElo "2447"]
[BlackElo "2359"]
[PlyCount "98"]
[EventDate "2025.??.??"]

1. d4 Nf6 2. Nf3 d5 3. e3 c5 4. dxc5 e6 5. b4 a5 6. c3 axb4 7. cxb4 b6 8. Bb5+ Bd7 9. Bxd7+ Nbxd7 10. a4 bxc5 11. b5 g5 12. Bb2 Rg8 13. Ne5 Nxe5 14. Bxe5 Ne4 15. O-O Bd6 16. Bxd6 Qxd6 17. a5 Ke7 18. f3 Qe5 19. fxe4 Qxa1 20. exd5 Rgd8 21. Qf3 f5 22. dxe6 Qe5 23. a6 g4 24. Qe2 c4 25. Qxc4 Qxe3+ 26. Kh1 Rac8 27. Qb4+ Rd6 28. Qb2 Kxe6 29. Na3 f4 30. Nc2 Qd3 31. Qa2+ Qc4 32. Re1+ Kf7 33. Qa1 Qxb5 34. a7 Rdd8 35. Nd4 Qd5 36. Ne6 Qxe6 37. Rxe6 Kxe6 38. g3 f3 39. h3 Rf8 40. Qe1+ Kd7 41. Qd2+ Kc7 42. Qc3+ Kb6 43. Qb4+ Kxa7 44. Qa5+ Kb7 45. Qb5+ Kc7 46. Qc5+ Kd7 47. Qd5+ Ke7 48. Qe5+ Kf7 49. Qf5+ Ke7 1/2-1/2